000 01056 a2200217 4500
003 Nust
005 20170207171532.0
010 _a 89008593
020 _a0135832047 :
040 _cNust
082 0 0 _a621.3813
100 1 _aLiao, Samuel Y.
245 1 0 _aMicrowave devices and circuits (EBOOK)
_cSamuel Y. Liao.
246 1 4 _aMicrowave devices & circuits
250 _a3rd ed.
260 _aEnglewood Cliffs, N.J. :
_bPrentice Hall,
_cc1990.
300 _axvi, 542 p. :
_bill. ;
_c25 cm.
505 _a Introduction (Page-1), Interaction Between Electronic (Page-9), Electronic Emissions and Beam Focusing (Page-33), Microwave Circuit Components (Page-65) Microwave Linear Beam Amplifiers (Page-110), Microwave Linear Beam (Page-179), Microwave Traveling Wave (Page-201), Microwave Crossed Field Electron Tubes (Page-258) Microwave Fast Wave Election tube (Page-307), Light Image Tube (Page-337), Infrared Image Tube (Page- 391), Microwave Noise Measurements and Evaluation (Page-437)
650 0 _aMicrowave circuits.
650 0 _aMicrowave devices.
942 _2ddc
_cBK
999 _c217051
_d217051